00452 2200169 4500001002100000008004100021035002000062245006400082100001700146260002400163300002700187020002200214084001400236082000800250990001200258990001200270INLIS000000000001457 Ind  a0010-1024000010 aSekolah CintabMenjadi Pemimpin dan Guru HebatcEdi Sutarto aSutarto, Edi aJakartabEmirc2016 a236 hlm.c14,5 x 21 cm a978-602-0935-44-7 a813 EDI s a813 a0753710 a0753711